000 00492nam a2200181Ia 4500
005 20250326125629.0
008 250326s9999 xx 000 0 und d
037 _aTextbook
040 _aFMSL
_beng
_cFMSL
041 _aeng
_2eng
084 _aX:8 L0
_qFMSL
100 _aTillett A
245 0 _aManagement thinkers
_cTillett A; Kempner T And Others
260 _aEngland
_bEngland, Penguin Books
_c1970
300 _a365p
942 _cTB
_hX:8 L0
999 _c1278865
_d1278865